Přímé a nepřímé účinky inovace

Bibliographic Details
Main Author: Štěrba, Jiří (Author)
Format: Article
Language:Slovak
Czech
Subjects:

MARC

LEADER 00000nab a2200000 a 4500
001 vtls000122127
003 SK-MaSNL
005 20260305042404.0
008 250422c1982 xo 0 slo
015 |a SNBRB19rr/mm-uuuuu 
035 |a CL0132232 
035 |a urn:nbn:sk:snk-ab2inb 
035 |a (urnnbn)urn:nbn:sk:snk:ar-a02h33 
035 |a (uuid)a9cadc8f-a2f5-41b0-9d2a-45bafe9c469a 
040 |a SNKBUCL  |b slo  |c SNKBUCL  |e AACR2 
041 0 |a cze 
044 |a xo  |c SK 
080 |a 69  |2 1981 
080 |a 65.0  |2 1981 
100 1 |a Štěrba, Jiří  |4 aut  |9 804348 
245 1 0 |a Přímé a nepřímé účinky inovace  |c Jiří Štěrba 
650 0 7 |a stavebníctvo  |2 snkbucl  |9 726 
655 7 |a články z novín a časopisov  |2 snkbucl  |9 267496 
773 0 |t Ekonomika stavebníctva  |g Roč. 17, č. 7 (1982), s. 207-208 
850 |a Slovenská národná knižnica 
852 |a Slovenská národná knižnica 
954 |a odborná, vedecká literatúra cudzojazyčná (svetová)  |2 lita 
958 |a article27 
958 |a RK 
958 |a CZ 
958 |a OND 
958 |a EUIPO 
992 |a RBX 
999 |c 3348874  |d 3350804